000 00739nam a2200277Ia 4500
003 OSt
005 20221006142648.0
006 a|||||r|||| 00| 0
007 ta
008 221006b |||||||| |||| 00| 0 eng d
020 _cP3.50
024 _a6,875
037 _cTextual
040 _aEASL
_cEASL
_beng
041 _2eng
_aeng
082 _aY:1:12.H7, K9
100 _aEICHBORN Werner
_9280737
245 0 _aChinese civilization
_b An introduction
260 _aLondon
_bFaber and Faber
_c1969
300 _a360p.
_ccm.
490 _v CEL
650 _aCEL
700 _a SELIGMAN Janet Tr.
_9648103
942 _hY:1:12.H7, K9
_cTEXL
_2CC
999 _c1074961
_d1074961